[Event "CRO-chT"]
[Site "Medulin"]
[Date "1997.??.??"]
[Round "?"]
[White "Bukal, Vladimir Jr"]
[Black "Klaric, Zlatko"]
[Result "1-0"]
[WhiteElo "2350"]
[BlackElo "2420"]
[PlyCount "81"]
[EventDate "1997.??.??"]
[Source "www.chesslib.no"]
[SourceDate "2004.05.04"]

1. d4 d5 2. c4 c6 3. Nf3 Nf6 4. Nc3 dxc4 5. a4 Na6 6. e4 Bg4 7. Be3 Nb4 8. Bxc4 e6 9. Rc1 Be7 10. O-O Qa5 11. Be2 O-O 12. h3 Bh5 13. Ne5 Bxe2 14. Qxe2 c5 15. dxc5 Rac8 16. Nc4 Qa6 17. Nd6 Qxe2 18. Nxe2 Bxd6 19. cxd6 Nxe4 20. d7 Rxc1 21. Rxc1 Nc6 22. b4 Nf6 23. b5 Ne5 24. Rc7 b6 25. Rxa7 Nexd7 26. Rb7 Ra8 27. Nc3 Kf8 28. Bxb6 Ke8 29. Bc7 Nc5 30. Rb8+ Rxb8 31. Bxb8 Nb7 32. Kf1 Kd7 33. Ke2 Ne8 34. Kd3 f6 35. Kc4 Kc8 36. Bf4 e5 37. Be3 Nbd6+ 38. Kb4 f5 39. a5 Nc7 40. Bc5 Nb7 41. a6 1-0

[Event "BL2-Nord 0001"]
[Site "Germany"]
[Date "2001.04.01"]
[Round "8.2"]
[White "Lamprecht, Frank"]
[Black "Forchert, Martin"]
[Result "1/2-1/2"]
[WhiteElo "2419"]
[BlackElo "2336"]
[PlyCount "82"]
[EventDate "2000.10.15"]
[Source "ChessBase"]
[SourceDate "2001.07.03"]

1. d4 d5 2. c4 c6 3. Nf3 Nf6 4. Nc3 dxc4 5. a4 Na6 6. e4 Bg4 7. Bxc4 e6 8. Be3 Be7 9. O-O O-O 10. Qb3 Bxf3 11. gxf3 Nb4 12. a5 b5 13. Be2 a6 14. f4 Qc7 15. Bf3 Rac8 16. Ne2 c5 17. dxc5 Nc6 18. Qc3 b4 19. Qc4 Nd7 20. Rfc1 Nde5 21. fxe5 Nxe5 22. Qxa6 Nxf3+ 23. Kg2 Nh4+ 24. Kh1 Qe5 25. Ng3 Bxc5 26. Bxc5 Rxc5 27. Rxc5 Qxc5 28. Qe2 Ng6 29. a6 Ra8 30. Nh5 h6 31. Ng3 Kh7 32. Nf1 f5 33. f3 f4 34. Nd2 Ne5 35. Kg2 Qd4 36. Nb3 Qb6 37. Ra5 Nc6 38. Qb5 Qxb5 39. Rxb5 Rxa6 40. Nc5 Ra2 41. Nd3 g5 1/2-1/2

[Event "BL2-N9798"]
[Site "Germany"]
[Date "1998.??.??"]
[Round "4.3"]
[White "Lipinsky, Fabian"]
[Black "Forchert, Martin"]
[Result "1-0"]
[WhiteElo "2410"]
[BlackElo "2340"]
[PlyCount "69"]
[EventDate "1997.10.??"]
[Source "www.chesslib.no"]
[SourceDate "2004.05.04"]

1. d4 d5 2. c4 c6 3. Nf3 Nf6 4. Nc3 dxc4 5. a4 Na6 6. e4 Bg4 7. Be3 Qa5 8. Qb1 Bxf3 9. gxf3 e5 10. dxe5 Qxe5 11. Bxc4 Bc5 12. Qa2 O-O 13. O-O-O Bxe3+ 14. fxe3 Qc5 15. Rhe1 Nb4 16. Qb3 b5 17. axb5 cxb5 18. Nxb5 Rab8 19. Na3 Rfc8 20. Kb1 Nc6 21. Qc3 Kf8 22. Rg1 Ne5 23. Rg5 Re8 24. Rf5 Qe7 25. Bb5 Rbc8 26. Nc4 Nxc4 27. Bxc4 Rc5 28. Rxc5 Qxc5 29. Qd4 Rc8 30. b3 a5 31. e5 Ne8 32. Qxc5+ Rxc5 33. Rd7 Rc7 34. Rxc7 Nxc7 35. Kc2 1-0

[Event "Paris Ch"]
[Site "Paris FRA"]
[Date "1992.??.??"]
[Round "8"]
[White "Avshalumov, Alex"]
[Black "Temanlis, Yoel"]
[Result "1-0"]
[WhiteElo "2480"]
[BlackElo "2250"]
[PlyCount "75"]
[EventDate "1992.04.??"]
[Source "www.chesslib.no"]
[SourceDate "2004.05.04"]

1. d4 d5 2. c4 c6 3. Nf3 Nf6 4. Nc3 dxc4 5. a4 Na6 6. e4 Bg4 7. Bxc4 e6 8. O-O Be7 9. Be3 Nb4 10. h3 Bh5 11. g4 Bg6 12. Ne5 Bxe4 13. g5 Bf5 14. gxf6 gxf6 15. Ng4 h5 16. Nh6 Bg6 17. Rc1 Bd6 18. Re1 Kf8 19. Qd2 Kg7 20. Ne2 a5 21. Nf4 Nd5 22. Bxd5 cxd5 23. Nxg6 fxg6 24. Bf4 Re8 25. h4 Bb4 26. Qe3 Bxe1 27. Qxe1 Rc8 28. Rxc8 Qxc8 29. Qxa5 Qc6 30. b3 e5 31. dxe5 fxe5 32. Bg5 d4 33. Qd2 Qc3 34. Qe2 e4 35. Qb5 Qc6 36. Qb4 Qd5 37. Qb6 Kh7 38. Qc7+ 1-0

[Event "AUT-ch"]
[Site "Frohnleiten"]
[Date "2000.??.??"]
[Round "9.8"]
[White "Kummer, Helmut"]
[Black "Fahrner, Kurt"]
[Result "0-1"]
[WhiteElo "2390"]
[BlackElo "2328"]
[PlyCount "70"]
[EventDate "2000.08.05"]
[Source "ChessBase"]
[SourceDate "2000.09.14"]

1. d4 d5 2. c4 c6 3. Nf3 Nf6 4. Nc3 dxc4 5. a4 Na6 6. e4 Bg4 7. Bxc4 Bxf3 8. gxf3 e6 9. Be3 Nb4 10. a5 b5 11. axb6 axb6 12. Rxa8 Qxa8 13. O-O Be7 14. Kh1 O-O 15. Rg1 Kh8 16. e5 Nfd5 17. Ne4 c5 18. dxc5 Nxe3 19. fxe3 Bxc5 20. Qe2 Nd5 21. Nxc5 bxc5 22. Rd1 Ne7 23. Bd3 Ng6 24. Be4 Qa4 25. Rc1 Rc8 26. Qd2 Kg8 27. Kg2 Nf8 28. Kf2 Rc7 29. Rc3 f5 30. exf6 gxf6 31. Rd3 f5 32. Rd8 Rf7 33. Qc2 Qb4 34. Ba8 Qh4+ 35. Kf1 Qxd8 0-1

[Event "NRW-Liga II 9495"]
[Site "GER"]
[Date "1995.??.??"]
[Round "?"]
[White "Schoen, Wolfram"]
[Black "Forchert, Martin"]
[Result "1-0"]
[WhiteElo "2390"]
[BlackElo "2325"]
[PlyCount "103"]
[EventDate "1994.??.??"]
[Source "www.chesslib.no"]
[SourceDate "2004.05.04"]

1. d4 d5 2. c4 c6 3. Nf3 Nf6 4. Nc3 dxc4 5. a4 Na6 6. e4 Bg4 7. Bxc4 e6 8. Be3 Nb4 9. Be2 Be7 10. O-O O-O 11. h3 Bh5 12. Rc1 Qa5 13. g4 Bg6 14. Ne5 Rfd8 15. Nxg6 hxg6 16. Qb3 Rac8 17. Rfd1 a6 18. Bc4 Qc7 19. Kg2 Rd7 20. g5 Nh5 21. Ne2 Rcd8 22. f4 Kh7 23. Bd2 a5 24. Qf3 Bf8 25. Be3 Qb8 26. Nc3 c5 27. d5 e5 28. f5 Bd6 29. Kh1 Nf4 30. Nb5 b6 31. Rd2 Rh8 32. Re1 Re7 33. f6 gxf6 34. gxf6 Ree8 35. Qg4 Kg8 36. Bxf4 exf4 37. e5 Rxe5 38. Rxe5 Bxe5 39. d6 Kf8 40. d7 Bxf6 41. Nd6 Rh4 42. Qg2 Qc7 43. Ne8 Qc6 44. Nxf6 Rxh3+ 45. Kg1 Qxg2+ 46. Kxg2 Rg3+ 47. Kf2 Nc6 48. Ne4 Re3 49. Ng5 Ke7 50. Nxf7 Nd8 51. Nxd8 Kxd8 52. Bb5 1-0

[Event "Winterthur SVI"]
[Site "?"]
[Date "2002.10.??"]
[Round "9"]
[White "Gheorghiu Florin"]
[Black "Kuhn Thomas"]
[Result "1/2-1/2"]
[WhiteElo "2443"]
[BlackElo "2265"]
[PlyCount "26"]
[EventDate "2002.??.??"]
[Source "www.chesslib.no"]
[SourceDate "2004.05.04"]

1. d4 d5 2. c4 c6 3. Nf3 Nf6 4. Nc3 dxc4 5. a4 Na6 6. e4 Bg4 7. Bxc4 Bxf3 8. gxf3 e6 9. Be3 Nb4 10. a5 Qc7 11. Qb3 Be7 12. Ra4 Na6 13. Ke2 O-O 1/2-1/2

[Event "DEN Team Ch"]
[Site "Denmark"]
[Date "1991.??.??"]
[Round "2"]
[White "Jelling, Erik"]
[Black "Kroll, Ove"]
[Result "1/2-1/2"]
[WhiteElo "2365"]
[BlackElo "2320"]
[PlyCount "60"]
[EventDate "1991.??.??"]
[Source "www.chesslib.no"]
[SourceDate "2004.05.04"]

1. d4 d5 2. c4 c6 3. Nf3 Nf6 4. Nc3 dxc4 5. a4 Na6 6. e4 Bg4 7. Bxc4 e6 8. Be3 Bb4 9. Qb3 Bxf3 10. gxf3 Be7 11. a5 O-O 12. O-O Qc7 13. Kh1 Rad8 14. Rg1 Kh8 15. f4 c5 16. d5 exd5 17. Nxd5 Nxd5 18. Bxd5 Nb4 19. Qc3 Bf6 20. Qxc5 Nxd5 21. exd5 Qd7 22. Rad1 Bxb2 23. d6 Rfe8 24. Qd5 Re6 25. Bc5 b6 26. axb6 axb6 27. Bxb6 Rxd6 28. Qxd6 Qxd6 29. Rxd6 Rxd6 30. Be3 Ra6 1/2-1/2

[Event "Aarhus int-B"]
[Site "Aarhus DEN"]
[Date "1990.??.??"]
[Round "6"]
[White "Hansen, Sune Berg"]
[Black "Kroll, Ove"]
[Result "1/2-1/2"]
[WhiteElo "2335"]
[BlackElo "2340"]
[PlyCount "80"]
[EventDate "1990.??.??"]
[Source "www.chesslib.no"]
[SourceDate "2004.05.04"]

1. d4 d5 2. c4 c6 3. Nf3 Nf6 4. Nc3 dxc4 5. a4 Na6 6. e4 Bg4 7. Bxc4 e6 8. Be3 Bb4 9. Qc2 Bxf3 10. gxf3 O-O 11. O-O Nc7 12. Rad1 Qd7 13. Kh1 Rfd8 14. Rg1 Nce8 15. Bd3 g6 16. Bf1 Ng7 17. Bh3 Qc7 18. Ne2 Nfh5 19. f4 Bd6 20. e5 Bf8 21. Ng3 f5 22. Nxh5 Nxh5 23. d5 Rxd5 24. Rxd5 exd5 25. Bxf5 Ng7 26. Bh3 Re8 27. Bd4 Qe7 28. Qd3 c5 29. Be3 d4 30. Bd2 b6 31. b4 Qb7+ 32. Bg2 Qf7 33. bxc5 bxc5 34. Rb1 Rd8 35. Rb7 Rd7 36. Rxd7 Qxd7 37. Qc4+ Kh8 38. Bd5 Qg4 39. f3 Qh4 40. Kg2 Nh5 1/2-1/2

[Event "Corr"]
[Site "?"]
[Date "1997.??.??"]
[Round "?"]
[White "Miciak Emanuel"]
[Black "Kubasky Alojz"]
[Result "1-0"]
[WhiteElo "2410"]
[BlackElo "2230"]
[PlyCount "41"]
[EventDate "1997.??.??"]
[Source "www.chesslib.no"]
[SourceDate "2004.05.04"]

1. d4 d5 2. c4 c6 3. Nf3 Nf6 4. Nc3 dxc4 5. a4 Na6 6. e4 Bg4 7. Bxc4 Bxf3 8. gxf3 e6 9. Rg1 Nb4 10. Be3 g6 11. a5 Nd7 12. f4 Qh4 13. Rg2 Bd6 14. Qb3 Rb8 15. Kf1 Qe7 16. f5 exf5 17. exf5 b5 18. axb6 Nxb6 19. Bg5 Nxc4 20. Qxc4 Qc7 21. Re1+ 1-0

[Event "Corr"]
[Site "?"]
[Date "2000.04.01"]
[Round "?"]
[White "Gilles Robert P"]
[Black "Oortwijn Ron A"]
[Result "1-0"]
[WhiteElo "2283"]
[BlackElo "2355"]
[PlyCount "53"]
[EventDate "2000.??.??"]
[Source "www.chesslib.no"]
[SourceDate "2004.05.04"]

1. d4 d5 2. c4 c6 3. Nf3 Nf6 4. Nc3 dxc4 5. a4 Na6 6. e4 Bg4 7. Bxc4 e6 8. Be3 Be7 9. O-O Nb4 10. Be2 O-O 11. a5 Qc7 12. Qb3 b5 13. h3 Bxf3 14. Bxf3 Rfd8 15. Rfc1 Nd3 16. Rd1 Nb4 17. g3 Rd7 18. Rdc1 a6 19. d5 Nd3 20. dxe6 Nxc1 21. Rxc1 Rd3 22. exf7+ Kf8 23. Bg2 Qb8 24. Bb6 Nd7 25. Qc2 Rd6 26. Ne2 Kxf7 27. Nd4 1-0

[Event "BL2-Nord 9900"]
[Site "Germany"]
[Date "1999.11.07"]
[Round "2.3"]
[White "Hoerstmann, Martin"]
[Black "Forchert, Martin"]
[Result "1-0"]
[WhiteElo "2320"]
[BlackElo "2315"]
[PlyCount "80"]
[EventDate "1999.10.??"]
[Source "ChessBase"]
[SourceDate "2000.03.10"]

1. d4 d5 2. c4 c6 3. Nf3 Nf6 4. Nc3 dxc4 5. a4 Na6 6. e4 Bg4 7. Bxc4 Bxf3 8. gxf3 e6 9. O-O Nb4 10. Kh1 Be7 11. Rg1 g6 12. Be3 Qd7 13. Qb3 O-O 14. Rad1 Rad8 15. Bh6 Rfe8 16. f4 Kh8 17. f5 exf5 18. Bxf7 Ng4 19. Rxg4 fxg4 20. Bxe8 Qxe8 21. Bf4 h5 22. Bc7 Qg8 23. Qxg8+ Rxg8 24. d5 cxd5 25. exd5 Kg7 26. Ne4 b6 27. Be5+ Kf7 28. Bc3 Rd8 29. d6 Nc6 30. b4 Ke6 31. b5 Nb8 32. Bb4 Bf8 33. Ng5+ Kf6 34. Rd5 Nd7 35. Bc3+ Ne5 36. Bxe5+ Kxg5 37. d7 Be7 38. Bc7+ Kf6 39. Bxd8 Bxd8 40. Rd6+ Ke7 1-0

[Event "NOR-ch"]
[Site "Asker"]
[Date "2000.07.13"]
[Round "7"]
[White "Elsness, Frode"]
[Black "Johansen, Terje"]
[Result "1-0"]
[WhiteElo "2396"]
[BlackElo "2211"]
[PlyCount "157"]
[EventDate "2000.07.08"]
[Source "ChessBase"]
[SourceDate "2000.09.14"]

1. d4 d5 2. c4 c6 3. Nf3 Nf6 4. Nc3 dxc4 5. a4 Na6 6. e4 Bg4 7. Bxc4 Bxf3 8. gxf3 e6 9. O-O Nb4 10. Be3 Be7 11. Kh1 h6 12. f4 Qa5 13. Rc1 O-O-O 14. Qf3 g6 15. Rfd1 Kb8 16. Bb3 Ka8 17. Nb1 Qh5 18. Qxh5 Nxh5 19. Nc3 Bf6 20. Na2 Nxa2 21. Bxa2 Rd7 22. d5 exd5 23. exd5 Rhd8 24. Rd2 cxd5 25. Rxd5 Kb8 26. Rcd1 Rxd5 27. Rxd5 Rxd5 28. Bxd5 Bxb2 29. Bxf7 Nf6 30. Bxg6 Nd5 31. Bd2 Kc7 32. Bf7 Kd6 33. Kg2 a6 34. Kf3 b5 35. axb5 axb5 36. Ke4 Bc3 37. Bc1 Nf6+ 38. Kf5 b4 39. Bb3 Nd7 40. Be3 Nc5 41. Bd1 b3 42. Kg6 b2 43. Bc2 Nb3 44. f5 Nd4 45. Bb1 Nf3 46. f6 Ne5+ 47. Kf5 Nf7 48. h3 Kd7 49. Kg6 Ke8 50. Ba2 Ne5+ 51. Kxh6 Nd7 52. f7+ Kf8 53. Kh7 b1=Q+ 54. Bxb1 Kxf7 55. Kh6 Bg7+ 56. Kg5 Bf6+ 57. Kf5 Kg7 58. f4 Nf8 59. Bf2 Ng6 60. Kg4 Ne7 61. Be4 Ng8 62. h4 Nh6+ 63. Kf3 Kf7 64. h5 Kg7 65. Bg6 Ng8 66. Be3 Ne7 67. Be4 Ng8 68. Bd5 Nh6 69. Be6 Ba1 70. Bb6 Bf6 71. Bc7 Kh7 72. Ke4 Bg7 73. Be5 Kh8 74. Kf3 Kh7 75. Kg3 Kh8 76. Kh4 Kh7 77. Bxg7 Kxg7 78. Kg5 Kh8 79. Kg6 1-0

[Event "Crimea Ch"]
[Site "Simferopol UKR"]
[Date "1996.??.??"]
[Round "4"]
[White "Khomyakov, Vladimir"]
[Black "Babich, Fiodor"]
[Result "0-1"]
[WhiteElo "2380"]
[BlackElo "2180"]
[PlyCount "140"]
[EventDate "1996.??.??"]
[Source "www.chesslib.no"]
[SourceDate "2004.05.04"]

1. d4 d5 2. c4 c6 3. Nf3 Nf6 4. Nc3 dxc4 5. a4 Na6 6. e4 Bg4 7. Bxc4 e6 8. e5 Nd5 9. Nxd5 exd5 10. Be2 Be7 11. O-O O-O 12. h3 Bf5 13. Be3 Nb4 14. Qd2 a5 15. Rfc1 Re8 16. Ne1 Bg6 17. f4 Be4 18. Nd3 Nxd3 19. Bxd3 f5 20. Bf1 Bb4 21. Qf2 Re6 22. Bd2 Be7 23. Kh2 Rg6 24. g3 h5 25. h4 Re6 26. Rc3 Qb6 27. Be3 Rc8 28. Bd3 Bxd3 29. Rxd3 Bb4 30. Qc2 g6 31. Bd2 Be7 32. Rb1 Qa6 33. Bc3 b5 34. b3 b4 35. Be1 Qb6 36. Bf2 Bf8 37. Rc1 Rc7 38. Rd2 Qb7 39. Qd3 Kf7 40. Kg2 Be7 41. g4 hxg4 42. h5 Qc8 43. hxg6+ Rxg6 44. Rh1 Ke6 45. Rh5 Qf8 46. Rd1 Bd8 47. Rdh1 g3 48. Be3 Rf7 49. Qa6 Qe8 50. Rh8 Rf8 51. Rxf8 Qxf8 52. Qxc6+ Kf7 53. Qxd5+ Kg7 54. Rh5 Rh6 55. Qd7+ Kg6 56. Rxh6+ Kxh6 57. d5 Be7 58. d6 Qa8+ 59. Kxg3 Qg8+ 60. Kf2 Bh4+ 61. Kf1 Qg4 62. Qe6+ Kh7 63. Qd5 Qh3+ 64. Ke2 Qh2+ 65. Kd3 Qb2 66. e6 Qc3+ 67. Ke2 Qe1+ 68. Kd3 Qc3+ 69. Ke2 Qe1+ 70. Kf3 Qf1+ 0-1

[Event "FRA Ch"]
[Site "Rouen FRA"]
[Date "1987.??.??"]
[Round "10"]
[White "Chabanon, Jean-Luc"]
[Black "Roos, Louis"]
[Result "0-1"]
[WhiteElo "2200"]
[BlackElo "2345"]
[PlyCount "70"]
[EventDate "1987.??.??"]
[Source "www.chesslib.no"]
[SourceDate "2004.05.04"]

1. d4 d5 2. c4 c6 3. Nf3 Nf6 4. Nc3 dxc4 5. a4 Na6 6. e4 Bg4 7. Bxc4 e6 8. Be3 Nb4 9. a5 Be7 10. Qb3 Bxf3 11. gxf3 b6 12. axb6 axb6 13. O-O O-O 14. Ra3 b5 15. Be2 Na6 16. Raa1 Qb8 17. Kh1 Rd8 18. Rg1 Nc7 19. Rac1 b4 20. Na4 Nb5 21. Rc4 Qa7 22. Nc5 Nxd4 23. Rxd4 Bxc5 24. Rxb4 Bxe3 25. fxe3 c5 26. Rb7 Rab8 27. Rxb8 Qxb8 28. Qc3 Kh8 29. Qxc5 Rd2 30. Qg5 Ne8 31. Qe7 Kg8 32. Rd1 Rxe2 33. e5 Qa8 34. e4 Rxb2 35. Qd8 Rb8 0-1

[Event "Francisco Bailen in Memoriam"]
[Site "?"]
[Date "2000.??.??"]
[Round "12"]
[White "Gill David"]
[Black "Gomez Carlos"]
[Result "1/2-1/2"]
[WhiteElo "2430"]
[BlackElo "2100"]
[PlyCount "29"]
[EventDate "2000.??.??"]
[Source "www.chesslib.no"]
[SourceDate "2004.05.04"]

1. d4 d5 2. c4 c6 3. Nf3 Nf6 4. Nc3 dxc4 5. a4 Na6 6. e4 Bg4 7. Bxc4 Bxf3 8. gxf3 e6 9. Be3 Nb4 10. Qb3 a5 11. Rg1 Qd7 12. O-O-O g6 13. Kb1 Be7 14. h3 O-O 15. Be2 1/2-1/2

[Event "Corr"]
[Site "?"]
[Date "1997.??.??"]
[Round "?"]
[White "Bellmann Herbert"]
[Black "Frericks Harald"]
[Result "1-0"]
[WhiteElo "2155"]
[BlackElo "2280"]
[PlyCount "137"]
[EventDate "1997.??.??"]
[Source "www.chesslib.no"]
[SourceDate "2004.05.04"]

1. d4 d5 2. c4 c6 3. Nf3 Nf6 4. Nc3 dxc4 5. a4 Na6 6. e4 Bg4 7. Bxc4 e6 8. Be3 Bb4 9. Qc2 Bxf3 10. gxf3 O-O 11. Rg1 Re8 12. O-O-O Kh8 13. Kb1 Rc8 14. Qb3 Bf8 15. f4 Qb6 16. Qxb6 axb6 17. f5 Nc7 18. fxe6 fxe6 19. Bf4 g6 20. Be5 Bg7 21. f4 Nd7 22. Bd6 Bf8 23. Bxc7 Rxc7 24. f5 e5 25. Bf7 Ra8 26. d5 Bc5 27. Rg5 Be3 28. Rg3 Bf4 29. Rh3 g5 30. Rh6 g4 31. d6 Rcc8 32. Re6 Bxh2 33. Re7 Nf6 34. Bc4 g3 35. Bf1 Rg8 36. Bg2 Ng4 37. Rd3 Rg7 38. Ne2 h5 39. Bf3 Kg8 40. Bxg4 hxg4 41. Re6 Kf7 42. Nxg3 Bxg3 43. Rxg3 Re8 44. Rh6 Reg8 45. Kc2 Ra8 46. Kb3 Rag8 47. Kb4 Ra8 48. b3 Rgg8 49. Rh7+ Kf6 50. Rxb7 Kg5 51. Rxb6 Kf4 52. Rg1 Kxe4 53. f6 Kd5 54. f7 Rgd8 55. Rxg4 Rxd6 56. Rg8 Rdd8 57. Rxd8+ Rxd8 58. Rb7 Ke6 59. Kc5 e4 60. Rb4 Kf5 61. a5 e3 62. Ra4 Rf8 63. a6 e2 64. Ra1 Rxf7 65. Re1 Re7 66. Kb6 Re3 67. b4 Rb3 68. Rxe2 Rxb4+ 69. Kxc6 1-0

[Event "Bad Wiessee (28.10.-04.11)"]
[Site "?"]
[Date "2000.11.04"]
[Round "8"]
[White "Eckhardt Wladislaw"]
[Black "Lederle Vitus"]
[Result "1/2-1/2"]
[WhiteElo "2256"]
[BlackElo "2137"]
[PlyCount "43"]
[EventDate "2000.??.??"]
[Source "www.chesslib.no"]
[SourceDate "2004.05.04"]

1. d4 d5 2. c4 c6 3. Nf3 Nf6 4. Nc3 dxc4 5. a4 Na6 6. e4 Bg4 7. Bxc4 e6 8. e5 Nd5 9. O-O Nab4 10. Be2 Be7 11. Ne4 Bf5 12. Ng3 Bg6 13. Ne1 O-O 14. Bh5 c5 15. Bxg6 hxg6 16. dxc5 Bxc5 17. Ne4 Be7 18. Nf3 Nb6 19. Bd2 Qd5 20. Qe2 Qd3 21. Rfe1 Rfd8 22. Bc3 1/2-1/2

[Event "FRA-chT2"]
[Site "?"]
[Date "2002.03.24"]
[Round "11.7"]
[White "Faure Stephane"]
[Black "Daumas Richard"]
[Result "1/2-1/2"]
[WhiteElo "2132"]
[BlackElo "2130"]
[PlyCount "101"]
[EventDate "2002.??.??"]
[Source "www.chesslib.no"]
[SourceDate "2004.05.04"]

1. d4 d5 2. c4 c6 3. Nf3 Nf6 4. Nc3 dxc4 5. a4 Na6 6. e4 Bg4 7. Bxc4 Bxf3 8. gxf3 e6 9. O-O Nb4 10. Bg5 Be7 11. f4 h6 12. Bxf6 Bxf6 13. Qb3 Be7 14. f5 Qxd4 15. Rad1 Qf6 16. fxe6 fxe6 17. Bxe6 Rd8 18. e5 Qg6+ 19. Kh1 Rxd1 20. Nxd1 Qd3 21. Bf7+ Kd8 22. Qc4 Qxc4 23. Bxc4 a6 24. Ne3 b5 25. axb5 cxb5 26. Rd1+ Kc7 27. Be6 Rd8 28. Rxd8 Kxd8 29. Bf5 Bc5 30. Kg2 Bxe3 31. fxe3 Nc6 32. e6 Ke7 33. Kf3 Nd8 34. Ke4 Nxe6 35. Kd5 Nc7+ 36. Kc6 Ne8 37. Kb6 Nd6 38. Bd3 g5 39. Kxa6 h5 40. Bg6 h4 41. Bh5 Kf6 42. Kb6 Ke5 43. Bf3 Nc4+ 44. Kxb5 Nxb2 45. Kb4 Nd3+ 46. Kc3 Ne1 47. Bb7 g4 48. Kd2 Nf3+ 49. Bxf3 gxf3 50. Kd3 Kd5 51. e4+ 1/2-1/2

[Event "Saitek US Masters"]
[Site "Hawaii"]
[Date "1998.??.??"]
[Round "4"]
[White "Hummel, Patrick"]
[Black "Boissonnier, Kimo"]
[Result "1/2-1/2"]
[WhiteElo "2225"]
[BlackElo "2005"]
[PlyCount "59"]
[EventDate "1998.07.??"]
[Source "www.chesslib.no"]
[SourceDate "2004.05.04"]

1. d4 d5 2. c4 c6 3. Nf3 Nf6 4. Nc3 dxc4 5. a4 Na6 6. e4 Bg4 7. Bxc4 e6 8. Be3 Nb4 9. O-O Be7 10. a5 O-O 11. Qb3 Bxf3 12. gxf3 Qc7 13. Ne2 b5 14. axb6 axb6 15. Bd2 c5 16. Bxb4 cxb4 17. Rac1 Qb7 18. Bb5 Rac8 19. Qd3 Rxc1 20. Rxc1 Rc8 21. Rc4 Rc7 22. Qc2 Rxc4 23. Qxc4 Qa8 24. Ba6 Qd8 25. Qc6 h6 26. Kf1 Bf8 27. Qc8 Qe7 28. Qb7 Qd8 29. Qc8 Qe7 30. Qb7 1/2-1/2

[Event "Corr"]
[Site "?"]
[Date "2001.08.12"]
[Round "?"]
[White "Bilsel Sabahaddin"]
[Black "Heid Raimund"]
[Result "1/2-1/2"]
[WhiteElo "1986"]
[BlackElo "2231"]
[PlyCount "97"]
[EventDate "2001.??.??"]
[Source "www.chesslib.no"]
[SourceDate "2004.05.04"]

1. d4 d5 2. c4 c6 3. Nf3 Nf6 4. Nc3 dxc4 5. a4 Na6 6. e4 Bg4 7. Bxc4 e6 8. Be3 Be7 9. O-O O-O 10. h3 Bh5 11. g4 Bg6 12. Ne5 Nb4 13. Nxg6 hxg6 14. Qb3 Qa5 15. f4 c5 16. d5 exd5 17. exd5 Rad8 18. Rad1 Ne8 19. Ne4 Qc7 20. f5 gxf5 21. Rxf5 Nd6 22. Bf4 Qc8 23. Bxd6 Bxd6 24. Qf3 Qc7 25. Rh5 Bh2+ 26. Kh1 Qf4 27. Qxf4 Bxf4 28. d6 Rfe8 29. Bxf7+ Kxf7 30. Rf5+ Kg8 31. Rxf4 b6 32. h4 Re6 33. Kg1 Nc6 34. h5 Ne5 35. g5 c4 36. Rd2 a6 37. Kg2 b5 38. axb5 axb5 39. Rh4 Nd3 40. Kf3 Kh7 41. Re2 Rf8+ 42. Ke3 Rf5 43. b3 Rd5 44. bxc4 bxc4 45. Rc2 Nc5 46. Rxc4 Nxe4 47. Rhxe4 Rexd6 48. Rcd4 Rxd4 49. Rxd4 1/2-1/2